| 000 | 00454nam a2200121Ia 4500 | ||
|---|---|---|---|
| 008 | 160712s9999 xx 000 0 und d | ||
| 100 | _aToralba, Joanna V. | ||
| 245 |
_cJoanna V. Toralba _aRP-HPLC Analysis of Quercetin in the Extract of Sambong (Blumea balsamifera (L) DC) Leaves |
||
| 260 |
_c2015 _bScience Diliman |
||
| 300 | _avol. 27 no. 1 | ||
| 650 | _xSCIENCE | ||
| 856 | _uhttp://journals.upd.edu.ph/index.php/sciencediliman/issue/view/480/showToc | ||
| 999 |
_c297108 _d297108 |
||